F1 track kings - Statistics

General Stats
  • This quiz has been taken 86 times
  • The average score is 36 of 46
Answer Stats
Track Driver # of wins % Correct
Tuscany Lewis Hamilton 1
100%
Abu Dhabi Lewis Hamilton 5
100%
Bahrain Lewis Hamilton 5
100%
Great Britain Lewis Hamilton 8
100%
China Lewis Hamilton 6
100%
Eifel Lewis Hamilton 1
100%
Hungary Lewis Hamilton 8
100%
Qatar Lewis Hamilton 1
100%
Russia Lewis Hamilton 5
100%
USA Lewis Hamilton 6
100%
Austria Max Verstappen 4
100%
Emilia-Romagna Max Verstappen 2
100%
Miami Max Verstappen 2
100%
Styria Max Verstappen,Lewis Hamilton 1
100%
Canada Michael Schumacher,Lewis Hamilton 7
100%
Germany Michael Schumacher,Lewis Hamilton 4
100%
Italy Michael Schumacher, Lewis Hamilton 5
100%
Spain Michael Schumacher, Lewis Hamilton 6
100%
Monaco Ayrton Senna 6
97%
India Sebastian Vettel 3
95%
Malaysia Sebastian Vettel 4
95%
Singapore Sebastian Vettel 5
95%
Australia Michael Schumacher 4
92%
Belgium Michael Schumacher 6
92%
Europe Michael Schumacher 6
92%
France Michael Schumacher 8
92%
Japan Michael Schumacher 6
92%
Pacific Michael Schumacher 2
92%
San Marino Michael Schumacher 7
92%
Brazil Alain Prost 6
88%
Argentina Juan Manuel Fangio 4
77%
Switzerland Juan Manuel Fangio 2
77%
Azerbaijan Sergio Perez 2
74%
Sakhir Sergio Perez 1
74%
South Africa Jim Clark,Niki Lauda 3
66%
Sweden Jody Scheckter,Niki Lauda 2
66%
Turkey Felipe Massa 3
48%
Netherlands Jim Clark 4
48%
Luxembourg Jacques Villeneuve,Mika Hakkinen 1
42%
Portugal Alain Prost,Nigel Mansell 3
40%
USA East James Hunt 2
25%
Sao Paolo Lewis Hamilton,George Russell 1
25%
Morroco Stirling Moss 1
20%
Pescara Stirling Moss 1
20%
Caesar's Palace Alan Jones,Michele Alboreto 1
9%
Indianapolis Bill Vukovich 2
5%
No matching quizzes found
Score Distribution
Percent of People with Each Score
Percentile by Number Answered
Your Score History
You have not taken this quiz